| 000 | 00605nam a2200181 4500 | ||
|---|---|---|---|
| 001 | 122195 | ||
| 003 | ES-MaACL | ||
| 005 | 20251116063103.0 | ||
| 007 | t| | ||
| 008 | 070214m19611963sp r ||||1| spa d | ||
| 100 | 0 |
_aPrieto-Castro y Ferrándiz, Leonardo _993919 |
|
| 245 | 1 | 0 |
_aManual de Derecho Procesal Civil / _cpor Leonardo Prieto Castro. |
| 260 |
_aMadrid : _bPublicaciones de la Facultad de Derecho, _c1961-63. |
||
| 300 |
_a3 v. ; _c25 cm. |
||
| 710 | 2 |
_aUniversidad Central (Madrid). _bFacultad de Derecho. _97090 |
|
| 852 |
_aES-MaACL _jE-4266-8 _bR.53368 |
||
| 999 |
_c122195 _d122195 |
||